000 00471nam a2200145Ia 4500
008 151213s9999 xx 000 0 und d
100 _aঋধাবুল আজাদ
245 _aনজরুলের গানের রাগ
_cঋধাবুল আজাদ
260 _aঢাকা।
_bপান্না আজাদ।
_c1994
300 _a8705 p.
650 _aBangla
650 _aগল্প
700 _aঋধাবুল আজাদ
999 _c4491
_d4491